| 000 | 01249nam a2200313Ia 4500 | ||
|---|---|---|---|
| 001 | ebr10732062 | ||
| 003 | CaPaEBR | ||
| 006 | m o u | ||
| 007 | cr cn||||||||| | ||
| 008 | 130719s2013 enk sb 001 0 eng d | ||
| 020 | _z9781781907115 | ||
| 020 | _z9781781907108 | ||
| 040 |
_aCaPaEBR _cCaPaEBR |
||
| 035 | _a(OCoLC)855908976 | ||
| 050 | 1 | 4 |
_aLB1025.3 _b.E66 2013eb |
| 082 | 0 | 4 |
_a370.15230000000003 _223 |
| 245 | 0 | 0 |
_aEmotion, motivation, and self-regulation _h[electronic resource] : _ba handbook for teachers / _cedited by Nathan C. Hall, Thomas Goetz. |
| 260 |
_aBradford : _bEmerald Group Publishing Limited, _c2013. |
||
| 300 | _axiv, 191 p. | ||
| 504 | _aIncludes bibliographical references and index. | ||
| 533 |
_aElectronic reproduction. _bPalo Alto, Calif. : _cebrary, _d2013. _nAvailable via World Wide Web. _nAccess may be limited to ebrary affiliated libraries. |
||
| 650 | 0 |
_aTeaching _vHandbooks, manuals, etc. |
|
| 650 | 0 | _aEducational psychology. | |
| 655 | 7 |
_aElectronic books. _2local |
|
| 700 | 1 | _aGoetz, Thomas. | |
| 700 | 1 | _aHall, Nathan C. | |
| 710 | 2 | _aebrary, Inc. | |
| 856 | 4 | 0 |
_uhttp://site.ebrary.com/lib/rucke/Doc?id=10732062 _zAn electronic book accessible through the World Wide Web; click to view |
| 999 |
_c36289 _d36289 |
||